| 000 | 00544nam a2200169 i 4500 | ||
|---|---|---|---|
| 001 | 146708 | ||
| 003 | ES-MaACL | ||
| 007 | t| | ||
| 008 | 070914m19291934ddr ||||1| ger d | ||
| 100 | 1 |
_aTrendelenburg, Paul. _9111317 |
|
| 245 | 1 | 0 |
_aDie Hormone _b: Ihre Physiologic und Farmakologie / _cvon Paul Trendelenburg ; herausgegeben von Otto Krayer. |
| 260 |
_aBerlin : _bJulius Springer, _c[entre 1929 y 1934] |
||
| 300 |
_a2 t. ; _c24 cm. |
||
| 500 | _aSon los tomos I y II. | ||
| 700 | 1 |
_aKrayer Otto. _968782 |
|
| 852 |
_aES-MaACL _jC-7983-84 |
||
| 999 |
_c146708 _d146708 |
||